| 000 | 00514nam a2200181Ia 4500 | ||
|---|---|---|---|
| 008 | 190509s9999 xx 000 0 und d | ||
| 100 | _aFrye, Devon | ||
| 245 | 2 | _aA Quick hit for depression/ | |
| 245 | _cDevon frye | ||
| 260 | _bSussex Publisher | ||
| 260 | _c2018 | ||
| 300 | _aPages 50-52, November/December 2018 | ||
| 440 |
_aPsychology Today: 7 amazing things your mind can do _v1/2/1900 3:06:00 AM |
||
| 650 | _adepression | ||
| 650 | _ahealth | ||
| 650 | _asuicidal thoughts | ||
| 650 | _atreatment | ||
| 999 |
_c361799 _d361799 |
||